LEADER 01281nam a2200229 i 4500 001 000000202647 003 CaOOAMICUS 005 20160714000000.0 008 160714s1998 it u000 u ita u 013 $a181357 040 $aSeMil$bita 100 1 $aMechtilde : du Saint-Sacrement <1614-1698>.$0(OLS)http://semarc/name/23554 245 10$aCapitoli e conferenze :$bla vita religiosa, il ciclo liturgico /$cCatherine Mectilde De Bar. 260 $aAlatri :$ba cura delle Benedettine dell'adorazione perpetua del Ss. Sacramento Monastero Ss. Annunziata,$cstampa 1998. 300 $aXV, 584 p. ;$c21 cm. 500 $aAi piè del front : Pubblicazione celebrativa del terzo centenario della morte della Madre 1698-6 aprile 1998. 650 4$aBar, Catherine Mectilde : de - Opere.$0(OLS)http://semarc/subject/4221 850 $aSeMil 852 $aSeMil$W1$xVenegono$y1$m2C VII 19$j153153$B153153$CSeMilBibl$Z2$F164157 $81 961 $aLascito: Orsenigo don Elia 996 $6245$aCapitoli e conferenze :$bla vita religiosa, il ciclo liturgico$9(OLS)http://semarc/title/293324 996 $6260$aAlatri :$ba cura delle Benedettine dell'adorazione perpetua del Ss. Sacramento Monastero Ss. Annunziata$9(OLS)http://semarc/publisher/51759 LEADER 01543nam a2200289 i 4500 001 000000349525 003 CaOOAMICUS 005 20220301135044.0 008 220301s2022 gw a u000 u eng u 013 $a237096 020 $a978-3-11-046584-6 040 $aSeMil$bita 100 1 $aCrawford, Sidnie White,$d<1960- >.$0(OLS)http://semarc/name/115509 245 04$aThe text of the Pentateuch :$btextual criticism and the Dead Sea Scrolls /$cSidnie White Crawford. 264 1$aBerlin ; Boston :$bDe Gruyter,$c2022. 300 $aXIV, 328 p. ;$c24 cm 490 1 $aBeihefte zur Zeitschrift für die alttestamentliche Wissenschaft ;$v493 650 4$aBibbia. Antico testamento. Pentateuco - Rotuli del Mar Morto .$0(OLS)http://semarc/subject/42879 650 4$aRotuli del Mar Morto - [Relazione con] Antico Testamento.$0(OLS)http://semarc/subject/4858 650 4$aBibbia. Antico Testamento. Pentateuco - Commentari, studi, critica, interpretazioni.$0(OLS)http://semarc/subject/4709 830 0$aBeihefte zur Zeitschrift für die alttestamentliche Wissenschaft ;$v493.$0(OLS)http://semarc/title/294 850 $aSeMil 852 $aSeMil$W1$xVenegono$y1$m2XA Q 493$j231951$B240569$CSeMilBibl$Z2$F240569 $81 996 $6020$a978-3-11-046584-6$9(OLS)http://semarc/number/295341 996 $6245$aThe text of the Pentateuch :$btextual criticism and the Dead Sea Scrolls$9(OLS)http://semarc/title/439116 996 $6264$aBerlin ; Boston :$bDe Gruyter$9(OLS)http://semarc/publisher/36449